LEADER 01468nam a2200325 i 4500 001 000000228291 003 CaOOAMICUS 005 20250926125155.0 008 140325s2011 it u000 u ita u 013 $a207193 020 $a978-88-430-5327-8 040 $aSeMil$bita 100 0 $aHildegardis : Bingensis,$c.$0(OLS)http://semarc/name/1111 240 10$aLiber subtilitatum de divinis creaturis.$0(OLS)http://semarc/title/326761 245 10$aLibro delle creature :$bdifferenze sottili delle nature diverse /$cIldegarda di Bingen ; a cura di Antonella Campanini. 260 $aRoma :$bCarocci,$c2011. 300 $a421 p. ;$c19 cm. 490 0 $aBiblioteca medievale ;$v134 650 4$aIldegarda : di Bingen - Medicina.$0(OLS)http://semarc/subject/24781 700 1 $aCampanini, Antonella.$0(OLS)http://semarc/name/78988 830 0$aBiblioteca medievale ;$v134.$0(OLS)http://semarc/title/442432 850 $aSeMil 852 $aSeMil$W1$xVenegono$y1$m2C I 363$j178637$B178637$CSeMilBibl$Z2$F189750 $81 900 0 $aIldegarda : di Bingen. 961 $aAcquisto: LI.CO.SA 996 $6020$a978-88-430-5327-8$9(OLS)http://semarc/number/230291 996 $6245$aLibro delle creature :$bdifferenze sottili delle nature diverse$9(OLS)http://semarc/title/326760 996 $6260$aRoma :$bCarocci$9(OLS)http://semarc/publisher/31977 LEADER 01354nam a2200265 i 4500 001 000000127463 003 CaOOAMICUS 005 20070717000000.0 008 070717s1998 it u000 u ita u 013 $a100173 040 $aSeMil$bita 100 1 $aGuarducci, Giampiero.$0(OLS)http://semarc/name/53035 245 10$aCarità, speranza sociale :$bl'influenza di Ozanam nella cultura dell'800 : riflessi pratesi /$cGiampiero Guarducci ; Introduzione di Cosimo Ceccuti. 260 $aPrato :$bSocietà S. Vincenzo de' Paoli,$c1998. 300 $a203 p. :$bill. ;$c27 cm. 500 $aContiene : Fonti e Bibliografia. - In prel. : Dedica autogr. al Card. Martini. - Fondo card. C.M. Martini. 600 14$aOzanam, Antoine-Frédéric .$0(OLS)http://semarc/subject/9793 650 4$aSocietà di San Vincenzo de' Paoli - Prato.$0(OLS)http://semarc/subject/25047 700 1 $aCeccuti, Cosimo.$0(OLS)http://semarc/name/52551 850 $aSeMil 852 $aSeMil$W1$xVenegono$y1$m3P V 339$j81761$B81761$CSeMilBibl$Z2$F127295 $81 941 1 $a4 961 $aOmaggio: Martini Card. Carlo Maria 996 $6245$aCarità, speranza sociale :$bl'influenza di Ozanam nella cultura dell'800 : riflessi pratesi$9(OLS)http://semarc/title/188135 996 $6260$aPrato :$bSocietà S. Vincenzo de' Paoli$9(OLS)http://semarc/publisher/46538